Hisory of Islam Vol-1 (Record no. 197105)

000 -LEADER
fixed length control field 00646 a2200157 4500
003 - CONTROL NUMBER IDENTIFIER
control field Nust
005 - DATE AND TIME OF LATEST TRANSACTION
control field 20221228141604.0
040 ## - CATALOGING SOURCE
Transcribing agency Nust
082 ## - DEWEY DECIMAL CLASSIFICATION NUMBER
Classification number 297.9,NAJ
100 ## - MAIN ENTRY--PERSONAL NAME
Personal name Maulana Akbar Shah Khan Najeebabdi,
9 (RLIN) 106246
245 ## - TITLE STATEMENT
Title Hisory of Islam Vol-1
Remainder of title Authentic Islamic History a rejoinder to orientalists
Statement of responsibility, etc. Maulana Akbar Shah Khan Najeebabdi,
260 ## - PUBLICATION, DISTRIBUTION, ETC.
Place of publication, distribution, etc. Karachi
Name of publisher, distributor, etc. Darul Ishaat
Date of publication, distribution, etc. 2001
300 ## - PHYSICAL DESCRIPTION
Extent 476 p;
505 ## - FORMATTED CONTENTS NOTE
Formatted contents note Introduction (Page-27), Islamic History (The Land of Arabia) (Page-47), Muhammad (Page-77), The Caliphate (Page-239), Uthan The Third Caliph (Page-349), Ali Bin Abi Talib fourth Caliph (Page-393).
942 ## - ADDED ENTRY ELEMENTS (KOHA)
Source of classification or shelving scheme
Koha item type Book
Holdings
Withdrawn status Lost status Source of classification or shelving scheme Damaged status Not for loan Permanent Location Current Location Shelving location Date acquired Total Checkouts Full call number Barcode Date last seen Date last checked out Price effective from Koha item type Public note
          Military College of Signals (MCS) Military College of Signals (MCS) General Stacks 12/12/2016 1 297.9,NAJ MCS31319 09/17/2025 08/21/2025 12/12/2016 Book Almirah No.47, Shelf No.5
© 2023 Central Library, National University of Sciences and Technology. All Rights Reserved.